000 01215nam a22003131 4500
001 35163
003 BD-RjUL
005 20211209052254.0
008 140521s19641962enk b 101 0 eng
035 _a(BD-RjUL)35257
040 _aDLC/ICU
_cICU
_dBD-RjUL
_beng
041 _aeng
082 0 0 _a519.54
_bJOF 1964
111 2 _aJoint Statistics Seminar
_d(1959 :
_cUniversity of London)
_9107112
245 1 4 _aThe foundations of statistical inference /
_ca discussion opened by L.J. Savage at a meeting of the Joint Statistics Seminar, Birkbeck and Imperial Colleges, in the University of London.
260 _aNew York ; London :
_bMethuen ; J. Wiley,
_cc1962 [reprint 1964].
300 _a112 p. ;
_c19 cm.
490 1 _aMethuen's monographs on applied probability and statistics
504 _aIncludes Bibliography and index.
650 0 _aStatistics.
_9107113
650 0 _aDecision making.
_9107114
700 1 _aSavage, Leonard J.
_97978
710 2 _aBirkbeck College.
_9107115
710 2 _aImperial College of Science and Technology.
_927890
830 1 _aMethuen's monographs on applied probability and statistics
_9107646
942 _2ddc
_cBK
999 _c35163
_d35163